Kto bol kto v cestovnom ruchu na Slovensku
Gespeichert in:
| Weitere Verfasser: | |
|---|---|
| Format: | Buch |
| Sprache: | Slowakisch |
| Veröffentlicht: |
Banská Bystrica
Švajčiarsko-slovenské združenie cestovného ruchu
2016
|
| Schlagworte: | |
| Tags: |
Keine Tags, Fügen Sie das erste Tag hinzu!
|
MARC
| LEADER | 00000nam a2200000 4500 | ||
|---|---|---|---|
| 001 | 0229896 | ||
| 005 | 20240313134418.2 | ||
| 020 | |a 978-80-8141-149-6 | ||
| 041 | 0 | |a slo | |
| 044 | |a SK | ||
| 245 | 1 | 0 | |a Kto bol kto v cestovnom ruchu na Slovensku |c zostavovateľ: Peter Patúš |
| 264 | 1 | |a Banská Bystrica |b Švajčiarsko-slovenské združenie cestovného ruchu |c 2016 | |
| 300 | |a 50 s. | ||
| 610 | 2 | 0 | |a ruch cestovný |
| 610 | 2 | 0 | |a turistika |
| 610 | 2 | 0 | |a hotelierstvo |
| 610 | 2 | 0 | |a služby obyvateľstvu |
| 610 | 2 | 0 | |a rozvoj regionálny |
| 610 | 2 | 0 | |a osobnosť |
| 610 | 2 | 0 | |a Slovensko |
| 700 | 1 | |a Patúš, Peter | |